00345nam a2200145Ia 4500008004000000041000800040082001200048100001600060245003600076260003800112300000800150650001300158650001400171650001400185210210b1907 xxu||||| |||| 00| 0 eng d aeng a543/151 aNEWTH (G S) aTextbook of inorganic chemistry aLondonbLongman Green & Co.c1907 a723 aTextbook ainorganic achemistry